Tool Songs - Statistics

General Stats
  • This quiz has been taken 420 times
  • The average score is 27 of 53
Answer Stats
Answer % Correct
Lateralus
88%
H.
86%
Sober
85%
Schism
78%
10,000 Days (Wings part II)
77%
Parabol
77%
Stinkfist
77%
Vicarious
76%
Parabola
75%
Opiate
74%
Prison Sex
73%
The Pot
73%
Undertow
73%
The Grudge
67%
Hooker with a Penis
65%
Jambi
65%
Wings for Marie (part I)
65%
Right in Two
60%
Eulogy
59%
Forty-Six & Two
57%
Rosetta Stoned
55%
Third Eye
55%
Ticks & Leeches
55%
Ænema
54%
Jimmy
50%
The Patient
49%
Pushit
48%
(-) Ions
43%
Jerk-Off (live)
43%
Reflection
43%
Bottom (feat Henry Rollins)
42%
40%
Hush
40%
Intolerance
40%
Swamp Song
39%
Triad
39%
Disposition
38%
Disgustipated
37%
Lost Keys (Blame Hofmann)
36%
Eon Blue Apocalypse
35%
Sweat
34%
Intermission
33%
Flood
32%
Message to Harry Manback
32%
Useful Idiot
30%
Crawl Away
29%
Intension
29%
Cold and Ugly (live)
26%
Die Eier Von Satan
26%
Part of Me
25%
Lipan Conjuring
23%
Viginti Tres
21%
Faaip de Oiad
19%
No matching quizzes found
Score Distribution
Percent of People with Each Score
Percentile by Number Answered
Your Score History
You have not taken this quiz